| 000 | 00544cam a22001932 4500 | ||
|---|---|---|---|
| 001 | 0000002963 | ||
| 005 | 20151217151909.0 | ||
| 008 | 070424s xx 000 0 eng d | ||
| 020 | _cKES 300 | ||
| 040 |
_aKABU _cKABU |
||
| 050 | 0 |
_aHG2126 _b.H69 |
|
| 245 | 1 | 0 | _aHow to run a successful savings and credit scheme in 19 easy steps. |
| 260 |
_aNairobi : _bUNDP, _c[2003] |
||
| 300 | _a30 p. | ||
| 650 | 0 |
_aSavings and loan association _xmanagement. _@0000152514 |
|
| 908 | _a070424 | ||
| 950 | _@1 | ||
| 999 |
_c6136 _d6136 |
||